000 01197cam a2200313 a 4500
999 _c946
_d946
001 1669892
003 OSt
005 20210623053746.0
008 980312s1998 ilu b 000 0 eng
010 _a 98016624
020 _a0226056686 (cloth : alk. paper)
020 _a0226056694 (pbk. : alk. paper)
040 _aDLC
_cDLC
_dDLC
050 0 0 _aHQ60
_b.S4965 1998
082 0 0 _a306.7/09
_221
245 0 0 _aSexology uncensored :
_bthe documents of sexual science /
_cedited by Lucy Bland and Laura Doan.
260 _aChicago :
_bThe University of Chicago Press,
_c1998.
300 _axv, 261 p. ;
_c24 cm.
500 _aCompanion volume to: Sexology in culture.
504 _aIncludes bibliographical references.
650 0 _aSexology
_xHistory
_vSources.
700 1 _aBland, Lucy.
700 1 _aDoan, Laura L.,
_d1951-
856 4 2 _3Publisher description
_uhttp://www.loc.gov/catdir/description/uchi051/98016624.html
856 4 1 _3Table of contents
_uhttp://www.loc.gov/catdir/toc/uchi052/98016624.html
906 _a7
_bcbc
_corignew
_d1
_eocip
_f19
_gy-gencatlg
942 _2lcc
_cBK